|
|
|
|
| LEADER |
00000njm a2200000 a 4500 |
| 001 |
vtls010281282 |
| 003 |
SK-MaSNL |
| 005 |
20260331210025.0 |
| 007 |
sd fungnnmmned |
| 008 |
110526p2009 xr cynn cze |
| 040 |
|
|
|a SNK
|b slo
|c SNK
|e AACR2
|
| 041 |
0 |
|
|d cze
|
| 044 |
|
|
|a xr
|c CZ
|
| 072 |
|
7 |
|a 784
|x Vokálna hudba
|2 konspekt
|
| 080 |
|
|
|a 784.4
|2 2001
|
| 080 |
|
|
|a (086.76)
|2 2001
|
| 100 |
1 |
|
|a Nedvěd, František,
|d 1947-2021
|4 sng
|4 prf
|9 113401
|
| 245 |
1 |
0 |
|a Třetí pokus
|h zvukový záznam
|c František Nedvěd
|
| 260 |
|
|
|a [S.l.]
|b Sony Music Entertainment Czech Republic
|c 2009
|
| 300 |
|
|
|a 1 zvuková platňa
|b digitál.
|c 12 cm
|
| 500 |
|
|
|a Fonogram 2000 BMG Ariola ČR
|
| 500 |
|
|
|a Kompaktná platňa
|
| 500 |
|
|
|a Príloha denníka Nový čas
|
| 505 |
0 |
0 |
|t Třetí pokus --
|t Tvou vůni stále znám --
|t Rejdivá --
|t Loudavá --
|t Evelyn --
|t Jsem tvůj déšť --
|t Sydney --
|t Gruntorád --
|t Kluk a psík --
|t Poslední růže --
|t Touha --
|t Až tě smrtka vyzve k tanci --
|t Svatební --
|t Floky
|
| 511 |
0 |
|
|a František Nedvěd (spev, gitara)
|
| 650 |
0 |
7 |
|a populárne piesne
|2 SNKPH
|9 3446
|
| 650 |
0 |
7 |
|a folkové piesne
|2 SNKPH
|9 106321
|
| 655 |
|
7 |
|a kompaktné platne
|2 SNKPH
|9 70690
|
| 999 |
|
|
|c 577321
|d 579251
|
| 952 |
|
|
|a SNK
|b SNK
|y PREZ
|7 0
|p 17A0703877
|o snkSCD 2551
|i snk2011/12231
|8 0
|0 0
|1 0
|4 0
|d 2011-05-26
|l 0
|r 2026-02-23 14:37:56
|w 2026-02-23
|